Research and development expenditure in industry 1987-2001

Gespeichert in:
Bibliographische Detailangaben
Format: Buch
Sprache:Englisch
Französisch
Veröffentlicht: Paris OECD 2004
Schriftenreihe:Statistics
Schlagworte:
Tags: Tag hinzufügen
Keine Tags, Fügen Sie das erste Tag hinzu!

MARC

LEADER 00000nam a2200000 4500
001 0018782
005 20240422122245.2
020 |a 92-64-10523-9 
041 0 |a eng 
041 0 |a fre 
044 |a FR 
245 1 0 |a Research and development expenditure in industry 1987-2001 
264 1 |a Paris  |b OECD  |c 2004 
300 |a 108 s. 
490 1 |a Statistics 
830 0 |a Statistics 
610 2 0 |a priemysel 
610 2 0 |a náklady 
610 2 0 |a výskum 
610 2 0 |a údaje štatistické 
610 2 0 |a tabuľky štatistické 
610 2 0 |a porovnanie štatistické medzinárodné 
610 2 0 |a svet 
610 2 0 |a OECD 
610 2 0 |a 1987-2001